000 00247 a2200097 4500
001 38723
100 _aRiaz Dr Muhammad
245 _aFarse Adab ki Mukhtsar tareen Tarikh
260 _aLahore
_bSang-e-Meel publishers
_c1996
090 _c24543
_d24543
942 _aNUST-CAE
_cM
_c16162
999 _c273796
_d273796